1602 1589 1542 1352 1602 1591 1972 1262 1543 1832 1823 1319 1664 1380 1013 1459 1513 1692 1104 1589 1974 1198 1002 1943 1135 1099 1257 1471 1115 1761 1142 1745 1269 1711 1480 1080 1480 1399 1739 1028 1117 1834 1545 1297 1156 1789 1278 1955 1971 1921 1966 1905 1279 1928 1646 1894 1083 1137 1031 1288 1492 1487 1611 1317 1107 1031 1239 1518 1239 1538 1401 1648 1158 1113 1220 1377 1480 1483 1306 1672 1039 1487 1640 1798 1450 1764 1767 1336 1197 1114 1851 1130 1356 1421 1414 1076 1797 1732 1568 BCNSPRNW ULIB Ver.6.0+V

เปลี่ยนเป็นภาษาไทย

Change to English
 แสดงรายละเอียดบรรณานุกรม
  กลับหน้าหลัก

Brief Record : Get Marc (ISO 2709) : E-mail record : QR code < ปิดหน้าต่าง
LEADER : 00000nam 2200000uu 4500
001    13399113573
003     ULIB
008    020711s2549 th a 000 0 tha d
020    ^a97897438967
090    ^aนว.ช229ก 2549
100    ^aชลลดา ชะบางบอน
245    ^aแก้วหน้าม้า (ฉบับการ์ตูน)/^cชลลดา ชะบางบอน
250    ^aพิมพ์ครั้งที่ 1
260    ^aปทุมธานี :^bสกายบุคส์,^c2549
300    ^a178 หน้า
945    ^p0^l0^i018634
995    ทศพร
999 ^a ทศพร
รายการนี้ยังไม่มีแท็ก
คุณยังไม่ได้ล็อกอิน คุณสามารถมีกิจกรรมร่วมกับเว็บไซต์ได้ แต่ต้องล็อกอินก่อน ::
  ล็อกอิน

รายการสื่อสารสนเทศ

ลำดับที่ ประเภท เลขเรียก/บาร์โค้ด สถานที่ สถานะ
1. นวนิยาย
นวนิยาย
นว.ช229ก 2549 ฉ.1 
  Barcode: 018634
ห้องสมุดวิทยาเขตสวรรค์ประชารักษ์
►นวนิยาย
บนชั้น
  ขอยืม

BibComment


ยังไม่เคยถูกคอมเมนท์

คอมเมนท์ทรัพยากรรายการนี้
  คอมเมนท์: แก้วหน้าม้า ฉบับ..


 Copyright 2026. Bcnsprnw @Library